000 00873cam a22003015i 4500
005 20230720093715.0
008 181105s2019 nyu 000 0 eng
010 _a 2018963364
020 _a9781337903233
040 _aDLC
_beng
_erda
_cDLC
042 _apcc
082 _a616.001
_bBOW-U
100 1 _aBowie, Mary Jo.
245 1 0 _aUnderstanding ICD-10-cm and ICD-10-pcs :
_ba worktext /
_cMary Jo Bowie.
250 _a4th edition.
260 _aUSA
_bCengage
_cc2020
263 _a1901
264 1 _aClifton Park, NY :
_bCengage,
_c2019.
300 _a744 p
336 _atext
_btxt
_2rdacontent
337 _aunmediated
_bn
_2rdamedia
338 _avolume
_bnc
_2rdacarrier
500 _aIndex Include.
650 _aMISC
906 _a0
_bibc
_corignew
_d2
_eepcn
_f20
_gy-gencatlg
999 _c33077
_d33077